[Event "BL2 Ost 2122 (Women)"]
[Site "Germany"]
[Date "2022.03.19"]
[Round "4.3"]
[White "Spangenberg, Romy"]
[Black "Reuter, Elisa"]
[Result "0-1"]
[WhiteElo "1866"]
[BlackElo "1853"]
[PlyCount "114"]
[EventDate "2021.11.27"]
[EventType "team-tourn"]
[EventRounds "7"]
[EventCountry "GER"]
[SourceTitle "EXT 2023"]
[Source "ChessBase"]
[SourceDate "2022.10.05"]
[SourceVersion "1"]
[SourceVersionDate "2022.10.05"]
[SourceQuality "1"]
[WhiteTeam "Leipzig Lindenau (W)"]
[BlackTeam "Medizin Erfurt (W)"]
[WhiteTeamCountry "GER"]
[BlackTeamCountry "GER"]

1. e4 c5 2. Nf3 Nc6 3. d4 cxd4 4. Nxd4 g6 5. Be3 Bg7 6. Nc3 Nf6 7. Be2 0-0 8. Qd2 d5 9. exd5 Nxd5 10. Nxd5 Qxd5 11. Bf3 Qc4 12. Nxc6 bxc6 13. c3 Bf5 14. Be2 Qe4 15. 0-0 Rfd8 16. Qc1 a5 17. Bf3 Qc4 18. Bh6 Bxh6 19. Qxh6 Rab8 20. Qc1 Qb5 21. b4 axb4 22. cxb4 Qxb4 23. Qxc6 Qa3 24. Rfe1 Rdc8 25. Qd5 Rc2 26. h3 Qa7 27. Re2 Rxe2 28. Bxe2 Rb2 29. Qf3 Rxa2 30. Rxa2 Qxa2 31. Qe3 Qe6 32. Qd2 Qd6 33. Qe3 e5 34. Bf3 Kg7 35. Qb3 e4 36. Be2 Qd2 37. Qd1 Qxd1+ 38. Bxd1 Kf6 39. Kh2 Be6 40. Kg3 Ke5 41. h4 f5 42. Kh2 Bc4 43. g3 Be6 44. Kg1 f4 45. gxf4+ Kxf4 46. Kh2 Bg4 47. Bb3 Be2 48. Bg8 h6 49. Bf7 Bh5 50. Be6 Kf3 51. Kg1 Bg4 52. Bb3 e3 53. fxe3 Kg3 54. Bf7 Bh5 55. Be6 Kxh4 56. Kh2 Bf3 57. Bd7 Be4 0-1

[Event "BL2 Ost 1920 (Women)"]
[Site "Germany"]
[Date "2019.09.15"]
[Round "2.2"]
[White "Spangenberg, Romy"]
[Black "Otikova, Elina"]
[Result "0-1"]
[WhiteElo "1865"]
[BlackElo "2105"]
[PlyCount "64"]
[EventDate "2019.09.14"]
[EventType "team-tourn"]
[EventRounds "7"]
[EventCountry "GER"]
[SourceTitle "EXT 2021"]
[Source "ChessBase"]
[SourceDate "2020.10.23"]
[SourceVersion "1"]
[SourceVersionDate "2020.10.23"]
[SourceQuality "1"]
[WhiteTeam "Leipzig Lindenau (W)"]
[BlackTeam "Loeberitz (W)"]
[WhiteTeamCountry "GER"]
[BlackTeamCountry "GER"]

1. e4 e5 2. Nf3 Nc6 3. d4 exd4 4. Nxd4 Nf6 5. Nxc6 bxc6 6. Bd3 d5 7. Qe2 Be7 8. e5 Nd7 9. e6 Nf6 10. exf7+ Kxf7 11. 0-0 Rf8 12. Nd2 Bg4 13. Nf3 Kg8 14. h3 Bxf3 15. Qxf3 Bc5 16. Bg5 Qd6 17. Bxf6 Rxf6 18. Qh5 g6 19. Qg4 Raf8 20. Kh1 Rf4 21. Qe2 Bxf2 22. Rad1 c5 23. b3 c6 24. Rd2 Qf6 25. Qd1 Qh4 26. Be2 Be3 27. Rxf4 Rxf4 28. Rd3 d4 29. Bf3 Qg3 30. Qe2 Rxf3 31. Qxf3 Qe1+ 32. Kh2 Bg1+ 0-1

[Event "BL2 Ost 1819 (Women)"]
[Site "Germany"]
[Date "2018.11.18"]
[Round "4.2"]
[White "Spangenberg, Romy"]
[Black "Naumann, Nadine"]
[Result "1/2-1/2"]
[WhiteElo "1873"]
[BlackElo "1961"]
[PlyCount "103"]
[EventDate "2018.10.27"]
[EventType "team-tourn"]
[EventRounds "7"]
[EventCountry "GER"]
[SourceTitle "CBM 190 Extra"]
[Source "ChessBase"]
[SourceDate "2019.07.15"]
[SourceVersion "1"]
[SourceVersionDate "2019.07.15"]
[SourceQuality "1"]
[WhiteTeam "Leipzig Lindenau (W)"]
[BlackTeam "Loeberitz (W)"]
[WhiteTeamCountry "GER"]
[BlackTeamCountry "GER"]

1. e4 c6 2. d4 d5 3. e5 Bf5 4. Bd3 Bxd3 5. Qxd3 Qa5+ 6. c3 Qa6 7. Qc2 e6 8. Ne2 Ne7 9. 0-0 Nd7 10. Ng3 h5 11. Qe2 Qxe2 12. Nxe2 Nf5 13. Nd2 c5 14. Nb3 Be7 15. f4 Rc8 16. dxc5 Nxc5 17. Nbd4 Nxd4 18. Nxd4 g6 19. Be3 Ne4 20. Rf3 a6 21. g3 b5 22. a3 Kd7 23. Kg2 Rc7 24. h3 Bc5 25. Nb3 Bxe3 26. Rxe3 Nc5 27. Nd4 Na4 28. Re2 Nb6 29. g4 hxg4 30. hxg4 Rcc8 31. Rh1 Rxh1 32. Kxh1 Rh8+ 33. Kg2 Rh4 34. Kg3 Rh1 35. f5 Rg1+ 36. Kh3 gxf5 37. gxf5 Na4 38. fxe6+ fxe6 39. Rf2 Rg7 40. Rf6 Re7 41. Rf2 Nc5 42. Rf3 Rh7+ 43. Kg2 Rg7+ 44. Kh2 Nb7 45. Rf6 Nd8 46. Rh6 Re7 47. Rg6 Rf7 48. Kg2 Ke7 49. Rg8 Rf4 50. Rxd8 Rxd4 51. cxd4 Kxd8 52. b4 1/2-1/2

[Event "BL2 Ost 1718 (Women) playoff"]
[Site "Germany"]
[Date "2018.04.08"]
[Round "1.4"]
[White "Spangenberg, Romy"]
[Black "Kaden, Romy"]
[Result "1-0"]
[WhiteElo "1872"]
[BlackElo "1791"]
[PlyCount "121"]
[EventDate "2018.04.08"]
[EventType "team-match"]
[EventRounds "1"]
[EventCountry "GER"]
[SourceTitle "CBM 183 Extra"]
[Source "ChessBase"]
[SourceDate "2018.04.19"]
[SourceVersion "1"]
[SourceVersionDate "2018.04.19"]
[SourceQuality "1"]
[WhiteTeam "Leipzig Lindenau (W)"]
[BlackTeam "Chemnitz Aufbau (W)"]
[WhiteTeamCountry "GER"]
[BlackTeamCountry "GER"]

1. e4 c5 2. Nf3 d6 3. d4 cxd4 4. Nxd4 Nf6 5. Nc3 a6 6. Bg5 e6 7. f4 Be7 8. Qd2 Qc7 9. 0-0-0 0-0 10. Be2 b5 11. a3 Bb7 12. Bf3 Rd8 13. f5 e5 14. Nde2 Nbd7 15. g4 Qc4 16. Ng3 b4 17. axb4 Qxb4 18. Bxf6 Nxf6 19. g5 Nd7 20. f6 Bf8 21. fxg7 Kxg7 22. Nf5+ Kh8 23. Nxd6 Kg8 24. Bh5 Nb6 25. Qf2 Rxd6 26. Qxf7+ Kh8 27. Rxd6 Qxd6 28. Qxb7 Rb8 29. Qf7 Bg7 30. Qf3 Nc4 31. Nd5 Rxb2 32. Qc3 Qc5 33. Bf3 Qb5 34. Kd1 Rb1+ 35. Ke2 Rb2 36. Kf2 Bf8 37. Be2 Qc5+ 38. Kg3 Rb8 39. Qxc4 Qa3+ 40. Qd3 Qc5 41. Qxa6 Qxc2 42. Qc4 Qd2 43. h4 Bg7 44. Rd1 Qb2 45. h5 Qa3+ 46. Rd3 Qa1 47. Rd1 Qa3+ 48. Bf3 Rf8 49. Qc3 Qa7 50. h6 Bxh6 51. gxh6 Rg8+ 52. Bg4 Qb8 53. Rf1 Qd6 54. Rf6 Qd7 55. Qf3 Qa7 56. Rf7 Qg1+ 57. Kh3 Qxg4+ 58. Qxg4 Rxg4 59. Kxg4 Kg8 60. Rf6 Kh8 61. Rf8# 1-0

[Event "BL2 Ost 1617 (Women)"]
[Site "Germany"]
[Date "2017.03.26"]
[Round "7.3"]
[White "Goehler, Antje"]
[Black "Spangenberg, Romy"]
[Result "1/2-1/2"]
[WhiteElo "2097"]
[BlackElo "1862"]
[PlyCount "44"]
[EventDate "2016.10.22"]
[EventType "team-tourn"]
[EventRounds "7"]
[EventCountry "GER"]
[SourceTitle "EXT 2018"]
[Source "ChessBase"]
[SourceDate "2017.10.13"]
[SourceVersion "1"]
[SourceVersionDate "2017.10.13"]
[SourceQuality "1"]
[WhiteTeam "Rotation Pankow (W)"]
[BlackTeam "Leipzig Lindenau (W)"]
[WhiteTeamCountry "GER"]
[BlackTeamCountry "GER"]

1. d4 d5 2. Nf3 Nf6 3. c4 e6 4. Nc3 Nbd7 5. a3 dxc4 6. e4 Nb6 7. Bxc4 Nxc4 8. Qa4+ c6 9. Qxc4 Be7 10. 0-0 0-0 11. b4 Bd7 12. Bb2 Rc8 13. Rfd1 a5 14. Ne5 axb4 15. axb4 Qb6 16. Ba3 Rfd8 17. Nxd7 Rxd7 18. d5 exd5 19. exd5 Rcd8 20. dxc6 Rxd1+ 21. Rxd1 Rxd1+ 22. Nxd1 Qxc6 1/2-1/2

[Event "BL2 Ost 1617 (Women)"]
[Site "Germany"]
[Date "2017.02.12"]
[Round "5.3"]
[White "Spangenberg, Romy"]
[Black "Schulz, Petra"]
[Result "0-1"]
[WhiteElo "1862"]
[BlackElo "2096"]
[PlyCount "98"]
[EventDate "2016.10.22"]
[EventType "team-tourn"]
[EventRounds "7"]
[EventCountry "GER"]
[SourceTitle "EXT 2018"]
[Source "ChessBase"]
[SourceDate "2017.10.13"]
[SourceVersion "1"]
[SourceVersionDate "2017.10.13"]
[SourceQuality "1"]
[WhiteTeam "Leipzig Lindenau (W)"]
[BlackTeam "Leipzig Allianz (W)"]
[WhiteTeamCountry "GER"]
[BlackTeamCountry "GER"]

1. e4 e6 2. d4 d5 3. Nc3 Bb4 4. exd5 exd5 5. Bd3 Nc6 6. Nge2 Nge7 7. 0-0 Bf5 8. Ng3 Bg6 9. Nce2 Qd7 10. c3 Bd6 11. Bf4 0-0-0 12. Re1 Qg4 13. Be3 Bxd3 14. Qxd3 h5 15. h3 Qd7 16. b4 f6 17. a4 g5 18. a5 h4 19. Nf1 g4 20. Bf4 Rdg8 21. Bxd6 Qxd6 22. hxg4 Rxg4 23. Qh3 Qd7 24. Ne3 Re4 25. Qxd7+ Kxd7 26. Kh2 Nd8 27. Ng1 Nf7 28. Nh3 f5 29. f3 Re6 30. Nf4 Rd6 31. Rh1 c6 32. g3 Rdh6 33. Kg2 Rg8 34. Rag1 Rxg3+ 35. Kf2 Rxg1 36. Rxg1 Nd6 37. Rg7 Ke8 38. Rg5 Kf7 39. Kg2 Kf6 40. Rh5 Rxh5 41. Nxh5+ Kg5 42. Ng7 h3+ 43. Kxh3 Kf4 44. Ng2+ Kxf3 45. Ne6 Ng6 46. Kh2 Ke2 47. Kg1 Kd3 48. Nd8 a6 49. Ne6 Kxc3 0-1

[Event "BL2 Ost 1617 (Women)"]
[Site "Germany"]
[Date "2016.10.22"]
[Round "1.3"]
[White "Spangenberg, Romy"]
[Black "Kosovska, Olena"]
[Result "1-0"]
[WhiteElo "1862"]
[BlackElo "1875"]
[PlyCount "97"]
[EventDate "2016.10.22"]
[EventType "team-tourn"]
[EventRounds "7"]
[EventCountry "GER"]
[SourceTitle "EXT 2018"]
[Source "ChessBase"]
[SourceDate "2017.10.13"]
[SourceVersion "1"]
[SourceVersionDate "2017.10.13"]
[SourceQuality "1"]
[WhiteTeam "Leipzig Lindenau (W)"]
[BlackTeam "Dresden Gruen Weiss (W)"]
[WhiteTeamCountry "GER"]
[BlackTeamCountry "GER"]

1. e4 c5 2. Nf3 Nc6 3. d4 cxd4 4. Nxd4 e5 5. Nb5 d6 6. N1c3 a6 7. Na3 Nf6 8. Bg5 Be7 9. Bxf6 Bxf6 10. Nc4 Nd4 11. Nd5 b5 12. Ncb6 Rb8 13. Nxc8 Rxc8 14. c3 Nc6 15. a4 Rb8 16. axb5 axb5 17. Qb3 Bg5 18. Bxb5 0-0 19. 0-0 Ne7 20. Nxe7+ Qxe7 21. c4 Qc7 22. Qd3 Rfd8 23. Ra6 Qc5 24. Rfa1 Qb4 25. b3 g6 26. R6a4 Qc5 27. b4 Qc8 28. Qd5 Qg4 29. Ra7 Qf4 30. R7a3 Qd2 31. Rd1 Qxb4 32. Ra7 Rf8 33. Qxd6 Qb2 34. Rd7 Ra8 35. Qd5 Ra1 36. Rxa1 Qxa1+ 37. Qd1 Qc3 38. g3 Ra8 39. Kg2 Ra3 40. Qe2 Rb3 41. Bc6 Rb6 42. Bd5 Rf6 43. Rc7 Bd2 44. c5 Be1 45. f3 Qc1 46. c6 Ba5 47. Rb7 h5 48. Bxf7+ Rxf7 49. Qa2 1-0

[Event "GER-chT U20 Girls"]
[Site "Osnabrueck"]
[Date "2015.12.30"]
[Round "7.1"]
[White "Spangenberg, Romy"]
[Black "Hund, Sarah"]
[Result "1-0"]
[WhiteElo "1844"]
[BlackElo "1859"]
[PlyCount "119"]
[EventDate "2015.12.27"]
[EventType "team-swiss"]
[EventRounds "7"]
[EventCountry "GER"]
[SourceTitle "EXT 2017"]
[Source "ChessBase"]
[SourceDate "2016.10.25"]
[SourceVersion "1"]
[SourceVersionDate "2016.10.25"]
[SourceQuality "1"]
[WhiteTeam "Chemnitz Aufbau"]
[BlackTeam "Freiburg Zaehringen"]
[WhiteTeamCountry "GER"]
[BlackTeamCountry "GER"]

1. e4 e5 2. Nf3 Nc6 3. Bb5 a6 4. Ba4 Nf6 5. d3 Bc5 6. 0-0 b5 7. Bb3 d6 8. c3 Ba7 9. Be3 0-0 10. Bxa7 Nxa7 11. Nbd2 c5 12. d4 c4 13. Bc2 Nc6 14. d5 Ne7 15. b3 Ng6 16. bxc4 bxc4 17. Nxc4 Qc7 18. Ne3 Qxc3 19. Qd2 Qxd2 20. Nxd2 Bd7 21. a4 Ng4 22. Nxg4 Bxg4 23. f3 Bd7 24. Nc4 Rac8 25. Bb3 Rb8 26. Rfb1 Rb4 27. Nxd6 Rfb8 28. Bc2 Rxb1+ 29. Rxb1 Rxb1+ 30. Bxb1 Bxa4 31. Bd3 a5 32. Nb7 Kf8 33. Nxa5 Ke7 34. Nb7 Nf4 35. Bc4 Bc2 36. g3 Nh3+ 37. Kg2 Ng5 38. h4 Nxe4 39. fxe4 Bxe4+ 40. Kf2 f5 41. d6+ Kd7 42. Nc5+ Kxd6 43. Nxe4+ fxe4 44. Ke3 Ke7 45. g4 Kf6 46. Kxe4 h6 47. Ba6 Kg6 48. Kxe5 Kh7 49. Bd3+ Kg8 50. Bg6 Kf8 51. Ke6 Kg8 52. Ke7 h5 53. Bxh5 Kh7 54. Be8 Kh6 55. g5+ Kh7 56. h5 Kg8 57. g6 Kh8 58. Bc6 Kg8 59. h6 Kh8 60. Kf7 1-0

[Event "BL2 Ost 1415 (Women)"]
[Site "Germany"]
[Date "2015.03.28"]
[Round "6.4"]
[White "Spangenberg, Romy"]
[Black "Heyme, Sibylle"]
[Result "1/2-1/2"]
[WhiteElo "1757"]
[BlackElo "2025"]
[PlyCount "83"]
[EventDate "2014.09.27"]
[EventType "team-tourn"]
[EventRounds "7"]
[EventCountry "GER"]
[SourceTitle "CBM 166 Extra"]
[Source "ChessBase"]
[SourceDate "2015.06.18"]
[SourceVersion "1"]
[SourceVersionDate "2015.06.18"]
[SourceQuality "1"]
[WhiteTeam "Leipzig Lindenau (W)"]
[BlackTeam "Berlin Rotation (W)"]
[WhiteTeamCountry "GER"]
[BlackTeamCountry "GER"]

1. e4 Nf6 2. e5 Nd5 3. c4 Nb6 4. d4 d6 5. Nf3 g6 6. Be3 Bg7 7. exd6 cxd6 8. h3 0-0 9. Be2 Qc7 10. Nbd2 e5 11. Rc1 Nc6 12. dxe5 dxe5 13. Qb3 Bf5 14. 0-0 Rad8 15. Rfd1 h6 16. Nh2 Nd4 17. Bxd4 Rxd4 18. Ndf3 Rxd1+ 19. Rxd1 Be6 20. Nd2 Rc8 21. Rc1 f5 22. Qg3 Kh7 23. b3 Qf7 24. Re1 Rd8 25. Nhf1 Nd7 26. Nf3 f4 27. Qh2 Nc5 28. N3d2 Bf5 29. Bf3 Nd3 30. Rd1 Qc7 31. g4 Be6 32. Be4 Nc5 33. Bc2 Qa5 34. Bb1 b5 35. cxb5 Qxb5 36. f3 Qb6 37. Qf2 Bf6 38. Rc1 Be7 39. Kg2 Rd4 40. Ne4 Nxe4 41. Bxe4 Bd7 42. Qc2 1/2-1/2

[Event "GER-chT U20 Girls"]
[Site "Naumburg Saale"]
[Date "2014.12.29"]
[Round "5.1"]
[White "Spangenberg, Romy"]
[Black "Reck, Jessica"]
[Result "1/2-1/2"]
[WhiteElo "1794"]
[BlackElo "1527"]
[PlyCount "68"]
[EventDate "2014.12.27"]
[EventType "team-swiss"]
[EventRounds "7"]
[EventCountry "GER"]
[SourceTitle "EXT 2016"]
[Source "ChessBase"]
[SourceDate "2015.10.08"]
[SourceVersion "1"]
[SourceVersionDate "2015.10.08"]
[SourceQuality "1"]
[WhiteTeam "Chemnitz Aufbau"]
[BlackTeam "Leegebruch"]
[WhiteTeamCountry "GER"]
[BlackTeamCountry "GE2"]

1. e4 g6 2. d4 Bg7 3. Nc3 d6 4. f4 h5 5. Be3 c6 6. Nf3 d5 7. e5 Nh6 8. Qd2 Bg4 9. Be2 e6 10. 0-0-0 Nd7 11. h3 Bxf3 12. Bxf3 h4 13. Bf2 Nf5 14. Bg4 Qe7 15. Bxf5 gxf5 16. g3 hxg3 17. Bxg3 0-0-0 18. Rdg1 Rdg8 19. Be1 Qb4 20. Ne2 Qxd2+ 21. Kxd2 Bh6 22. Rxg8+ Rxg8 23. Ke3 f6 24. Kf3 Kd8 25. exf6 Nxf6 26. Bh4 Ke7 27. Rg1 Rxg1 28. Nxg1 Kf7 29. Bxf6 Kxf6 30. Kg3 Kg6 31. Nf3 Bg7 32. c3 Bf6 33. h4 Be7 34. Ng5 Kf6 1/2-1/2

[Event "GER-chT U20 Girls"]
[Site "Osnabrueck"]
[Date "2012.12.29"]
[Round "5.2"]
[White "Frey, Alisa"]
[Black "Spangenberg, Romy"]
[Result "0-1"]
[WhiteElo "2053"]
[BlackElo "1623"]
[PlyCount "98"]
[EventDate "2012.12.27"]
[EventType "team-swiss"]
[EventRounds "7"]
[EventCountry "GER"]
[SourceTitle "EXT 2014"]
[Source "ChessBase"]
[SourceDate "2013.11.20"]
[SourceVersion "1"]
[SourceVersionDate "2013.11.20"]
[SourceQuality "1"]
[WhiteTeam "Schott Mainz"]
[BlackTeam "Leipzig Lindenau"]
[WhiteTeamCountry "GER"]
[BlackTeamCountry "GER"]

1. d4 d5 2. c4 e6 3. Nc3 Nf6 4. cxd5 exd5 5. Bg5 Be7 6. e3 0-0 7. Qc2 h6 8. Bh4 b6 9. Nf3 Bb7 10. Be2 Nbd7 11. 0-0 c5 12. dxc5 Nxc5 13. Rfd1 Rc8 14. Rac1 Nce4 15. Qb3 Nc5 16. Qc2 Nce4 17. Nd4 Nxc3 18. bxc3 Ne4 19. Bxe7 Qxe7 20. Qb3 Rfd8 21. Bd3 Qf6 22. Qb2 a6 23. a4 Rd6 24. Rc2 Nc5 25. Qa3 Nxd3 26. Rxd3 Qg6 27. Rdd2 Rc4 28. Nf5 Qxf5 29. Qxd6 Rxc3 30. Qb8+ Bc8 31. e4 Qxe4 32. Qxc8+ Rxc8 33. Rxc8+ Kh7 34. Rc1 Qxa4 35. Rxd5 b5 36. g3 b4 37. Rd4 Qa3 38. Rb1 a5 39. Kg2 Qa2 40. Rdd1 b3 41. Ra1 Qc2 42. Re1 Qc6+ 43. Kg1 a4 44. Reb1 Qc2 45. h4 a3 46. Rf1 a2 47. Kh2 Qe2 48. Kg2 Qxf1+ 49. Kxf1 b2 0-1

[Event "GER-chT U20 Girls"]
[Site "Osnabrueck"]
[Date "2011.12.28"]
[Round "3.1"]
[White "Wilke, Tabea"]
[Black "Spangenberg, Romy"]
[Result "1/2-1/2"]
[WhiteElo "1148"]
[BlackElo "1635"]
[PlyCount "51"]
[EventDate "2011.12.27"]
[EventType "team-swiss"]
[EventRounds "7"]
[EventCountry "GER"]
[SourceTitle "CBM 146 Extra"]
[Source "ChessBase"]
[SourceDate "2012.02.29"]
[SourceVersion "1"]
[SourceVersionDate "2012.02.29"]
[SourceQuality "1"]
[WhiteTeam "Hattersheim (W)"]
[BlackTeam "Leipzig Lindenau (W)"]
[WhiteTeamCountry "GER"]
[BlackTeamCountry "GER"]

1. e4 c5 2. Nc3 e6 3. f4 Nc6 4. Bb5 d6 5. Bxc6+ bxc6 6. Nf3 d5 7. d3 Nf6 8. e5 Nd7 9. 0-0 Be7 10. Qe1 0-0 11. Qg3 f5 12. Bd2 Nb6 13. Kh1 c4 14. d4 Bd7 15. Rg1 c5 16. Qh3 cxd4 17. Nxd4 Bc5 18. Be3 Bxd4 19. Bxd4 Kh8 20. g4 g6 21. Ne2 Nc8 22. gxf5 gxf5 23. Qh6 Rf7 24. Qf6+ Qxf6 25. exf6 Nd6 26. Nc3 1/2-1/2

[Event "GER-chT U20 Girls"]
[Site "Osnabrueck"]
[Date "2011.12.27"]
[Round "1.1"]
[White "Tran, My Linh"]
[Black "Spangenberg, Romy"]
[Result "1-0"]
[WhiteElo "2013"]
[BlackElo "1635"]
[PlyCount "123"]
[EventDate "2011.12.27"]
[EventType "team-swiss"]
[EventRounds "7"]
[EventCountry "GER"]
[SourceTitle "CBM 146 Extra"]
[Source "ChessBase"]
[SourceDate "2012.02.29"]
[SourceVersion "1"]
[SourceVersionDate "2012.02.29"]
[SourceQuality "1"]
[WhiteTeam "Dortmund 1875 (W)"]
[BlackTeam "Leipzig Lindenau (W)"]
[WhiteTeamCountry "GER"]
[BlackTeamCountry "GER"]

1. e4 c5 2. Nf3 e6 3. d4 cxd4 4. Nxd4 Nf6 5. Nc3 Nc6 6. Ndb5 d6 7. Bf4 e5 8. Bg5 a6 9. Na3 b5 10. Nd5 Be7 11. Bxf6 Bxf6 12. c3 Bg5 13. Nc2 Rb8 14. Ncb4 Nxb4 15. Nxb4 Qb6 16. a4 0-0 17. axb5 axb5 18. Be2 Bb7 19. Qd3 Ra8 20. 0-0 Rxa1 21. Rxa1 Ra8 22. Rxa8+ Bxa8 23. Nd5 Bxd5 24. Qxd5 b4 25. Bc4 Qc7 26. cxb4 Bd8 27. g3 Qe7 28. Qc6 Kf8 29. b3 Qc7 30. Qd5 Qe7 31. Qa8 Qc7 32. b5 h6 33. Qd5 Qe7 34. b4 Bb6 35. Kf1 Qf6 36. Qa8+ Qd8 37. Qa6 Qc7 38. Qa2 Qa7 39. Qd2 Qa1+ 40. Kg2 Qd4 41. Qxd4 Bxd4 42. f4 Ke7 43. f5 Bb6 44. Kf3 Bd4 45. Ke2 Bb6 46. Kd3 Bd4 47. Bd5 f6 48. Bb3 Kd7 49. Kc4 Bg1 50. h3 Bf2 51. g4 Kc7 52. Kd5 Kb6 53. Bc4 Be1 54. Ke6 Kc7 55. Kf7 Bh4 56. Kxg7 Bg5 57. Kg6 Kb6 58. Kh5 Bf4 59. h4 Bg3 60. g5 hxg5 61. hxg5 fxg5 62. f6 1-0

[Event "GER-ch U16 Girls"]
[Site "Oberhof"]
[Date "2011.06.14"]
[Round "4"]
[White "Duessler, Stefanie"]
[Black "Spangenberg, Romy"]
[Result "1/2-1/2"]
[WhiteElo "1905"]
[BlackElo "1671"]
[PlyCount "102"]
[EventDate "2011.06.11"]
[EventType "swiss"]
[EventRounds "9"]
[EventCountry "GER"]
[SourceTitle "CBM 142 Extra"]
[Source "ChessBase"]
[SourceDate "2011.06.27"]
[SourceVersion "1"]
[SourceVersionDate "2011.06.27"]
[SourceQuality "1"]

1. e4 c5 2. Nf3 e6 3. Nc3 Nc6 4. d4 cxd4 5. Nxd4 Nf6 6. Be3 Be7 7. Be2 0-0 8. 0-0 d6 9. f4 e5 10. Nf5 Bxf5 11. exf5 exf4 12. Rxf4 d5 13. Nb5 a6 14. Nd4 Bc5 15. c3 Re8 16. Bf2 Ne4 17. Bf3 Nxf2 18. Kxf2 Nxd4 19. cxd4 Bd6 20. Rg4 h5 21. Rg3 Bxg3+ 22. hxg3 Qd7 23. Qd3 Rac8 24. Bxh5 Qc7 25. Bd1 Qc4 26. Be2 Qc2 27. f6 g6 28. Rh1 Qxb2 29. Rh6 Qxe2+ 30. Qxe2 Rxe2+ 31. Kxe2 Rc2+ 32. Kf3 Rxa2 33. Rh1 Ra4 34. Ke3 b5 35. Rc1 Rc4 36. Ra1 Rc6 37. Kf4 Kf8 38. Ke5 Ke8 39. Rf1 Kd7 40. Kxd5 Re6 41. g4 g5 42. Kc5 Re4 43. Rf2 Rf4 44. Re2 Rxf6 45. Re5 Rc6+ 46. Kd5 f6 47. Re2 Rd6+ 48. Kc5 Re6 49. Rxe6 Kxe6 50. Kc6 Ke7 51. Kc7 Ke6 1/2-1/2